| 000 | 00511nam a2200193 a 4500 | ||
|---|---|---|---|
| 001 | 15405 | ||
| 003 | CO-ViMGA | ||
| 008 | 141112s2004 ck r 000 u spa d | ||
| 020 | _a8477021651 | ||
| 040 |
_aCO-ViMGA _bspa _cCO-ViMGA |
||
| 082 | 0 | 4 | _a853.91 C171m |
| 100 | 1 |
_aCasanova, Giacomo _922408 |
|
| 245 | 1 | 0 | _aMi fuga de las prisiones de Venecia |
| 260 |
_aMadrĂd (E), _cValdemar, _c1996 |
||
| 300 | _a190.p. | ||
| 650 | 1 | 4 |
_aNOVELA - PRISIONES _922409 |
| 650 | 1 | 4 |
_aNOVELA ITALIANA _92688 |
| 942 |
_2ddc _cBK |
||
| 999 |
_c25738 _d25738 |
||